000 01114 a2200229 4500
001 41403
005 20260407155708.0
008 260407a1986 arg spa d
003 AR-UNSa-BCEJYS
040 _aAR-UNSa-BCEJYS
_bspa
_cAR-UNSa-BCEJYS
080 _a347.44
_xContratos en general. Obligaciones
245 1 0 _aResolución de los contratos por incumplimiento
020 _a950-14-0315-7
250 _a2a. ed.
264 1 _aBuenos Aires :
_bEdiciones Depalma
_c1986
300 _axiii, 381 p.
_c23 cm.
505 _a1. Preliminares - 2. Análisis de conceptos - 3. Resolución por incumplimiento. Antecedentes - 4. Concepto, fundamento, naturaleza y función de la resolución por incumplimiento - 5. Presupuestos de la resolución por incumplimiento - 6. Mecanismo para la resolución extrajudicial por autoridad del acreedor - 7. Pacto comisorio expreso - 8. El problema de la opción - 9. La resolución judicial - 10. Efectos de la resolución - 11. Casos especiales - 12. Conclusiones
041 _aspa
942 _cBK
590 _aniveau_biblio:m niveau_hierar:0
100 1 _aMiquel, Juan Luis
999 _c3499
_d3499